[Event "Mlada Boleslav Region-ch U14"]
[Site "Mlada Boleslav"]
[Date "2017.06.25"]
[Round "5"]
[White "Kralik, Kristian"]
[Black "Tvaroh, Vitezslav"]
[Result "0-1"]
[WhiteElo "1000"]
[BlackElo "1191"]
[PlyCount "46"]
[EventDate "2017.06.24"]
[EventType "swiss"]
[EventRounds "7"]
[EventCountry "CZE"]
[SourceTitle "CBM 179 Extra"]
[Source "ChessBase"]
[SourceDate "2017.08.23"]
[SourceVersion "1"]
[SourceVersionDate "2017.08.23"]
[SourceQuality "1"]

1. e4 e5 2. d4 Nc6 3. dxe5 Nxe5 4. Qd4 Qf6 5. Bc4 b6 6. Ne2 Bc5 7. Bxf7+ Nxf7 8. Qd5 Qxf2+ 9. Kd1 c6 10. Qb3 Ne7 11. Nd2 Ba6 12. Re1 Ne5 13. c4 Ng4 14. e5 Ne3+ 15. Qxe3 Qxe3 16. Nb3 Qd3+ 17. Bd2 Bxc4 18. Nbc1 Qd5 19. b3 Bxe2+ 20. Nxe2 Bb4 21. Kc1 Qxd2+ 22. Kb1 Bc3 23. Rc1 Qb2# 0-1

[Event "Mlada Boleslav Region-ch U14"]
[Site "Mlada Boleslav"]
[Date "2017.06.24"]
[Round "1"]
[White "Jelinek, Oliver"]
[Black "Tvaroh, Vitezslav"]
[Result "1/2-1/2"]
[WhiteElo "1226"]
[BlackElo "1191"]
[PlyCount "49"]
[EventDate "2017.06.24"]
[EventType "swiss"]
[EventRounds "7"]
[EventCountry "CZE"]
[SourceTitle "CBM 179 Extra"]
[Source "ChessBase"]
[SourceDate "2017.08.23"]
[SourceVersion "1"]
[SourceVersionDate "2017.08.23"]
[SourceQuality "1"]

1. d4 d5 2. Nf3 Nf6 3. e3 Bf5 4. c4 c6 5. Nc3 e6 6. cxd5 cxd5 7. Bb5+ Nbd7 8. Ne5 a6 9. Nxd7 Nxd7 10. Bd3 Bxd3 11. Qxd3 Rc8 12. Bd2 Bd6 13. 0-0 0-0 14. Rac1 Nb6 15. Ne2 Nc4 16. Bc3 Qc7 17. Rc2 Bxh2+ 18. Kh1 Bd6 19. Rfc1 Qd7 20. Bd2 Nxd2 21. Qxd2 Rc7 22. Rxc7 Bxc7 23. Qb4 Qd6 24. Qxd6 Bxd6 25. Rc3 1/2-1/2

[Event "Mlada Boleslav Region-ch U14"]
[Site "Mlada Boleslav"]
[Date "2017.06.24"]
[Round "4"]
[White "Tvaroh, Vitezslav"]
[Black "Lastovka, Ondrej"]
[Result "0-1"]
[WhiteElo "1191"]
[BlackElo "1514"]
[PlyCount "54"]
[EventDate "2017.06.24"]
[EventType "swiss"]
[EventRounds "7"]
[EventCountry "CZE"]
[SourceTitle "CBM 179 Extra"]
[Source "ChessBase"]
[SourceDate "2017.08.23"]
[SourceVersion "1"]
[SourceVersionDate "2017.08.23"]
[SourceQuality "1"]

1. e4 c5 2. Nf3 d6 3. d4 cxd4 4. Nxd4 Nf6 5. Nc3 g6 6. Be2 Bg7 7. Nb3 0-0 8. Be3 Nc6 9. Qd2 Be6 10. 0-0-0 a6 11. h4 Rc8 12. h5 Ne5 13. f4 Neg4 14. Bxg4 Bxg4 15. Rdg1 gxh5 16. Nd4 e5 17. Nf5 Nxe4 18. Nxe4 Bxf5 19. Ng3 Rxc2+ 20. Qxc2 Bxc2 21. Kxc2 exf4 22. Bxf4 Qc7+ 23. Kb1 Rc8 24. Rc1 Qd7 25. Rhd1 Rxc1+ 26. Rxc1 Qb5 27. Rc2 h4 0-1